000 00309nam a2200109Ia 4500
008 201231s9999 xx 000 0 und d
100 _aFoundez, Julio (Ed.)
245 0 _aGood Government and Law : legal and Industrial Reform in Developing Countries
260 _alondon
_bMcMillan
300 _a286
942 _cBK
999 _c9533
_d9533